Word Ladder: NFL Draft Quiz Stats

 Plays Quiz Updated May 30, 2012

Support Sporcle.
Go Orange.
Score 0/15 Timer 02:00
0 Plays Today
Clue 4-Letter Word % Correct
An object that is hit by hockey sticksPUCK
97.4%
A breathing organLUNG
91.7%
There are usually 254 of these in a single draft✪PICK✪
88.1%
2012 1st overall [Rung 2]: Andrew ____✪LUCK✪
86.7%
Comprised of mouth, nose, and eyesFACE
85.1%
2008 1st overall [Rung 2]: Jake ____✪LONG✪
81.4%
Tender love and ___CARE
79.9%
Early paddle based computer gamePONG
79.6%
Clue 4-Letter Word % Correct
1997 1st overall [Rung 2]: Orlando ____✪PACE✪
79.3%
A sheet of glass on a window or doorPANE
78.1%
A person paying to ride a cabFARE
77.9%
2001 1st overall [Rung 2]: Michael ____✪VICK✪
76.4%
A slow-witted personLUNK
65.6%
A type of unleavened cornbreadPONE
63%
2002 1st overall [Rung 2]: David ____✪CARR✪
52.4%

Today's Daily Dose

You're not logged in!

Compare scores with friends on all Sporcle quizzes.
OR
Log In

From the Vault

Cryptogram: Countries!

by yippeeyappee

This one might make you feel some some sort of dangerous, international spy.
Remove Ads.
Support Sporcle.
Get the best of Sporcle when you Go Orange. This ad-free experience offers more features, more stats, and more fun while also helping to support Sporcle. Thank you for becoming a member.

Show Comments

Extras

Top Quizzes Today


Score Distribution

Your Account Isn't Verified!

In order to create a playlist on Sporcle, you need to verify the email address you used during registration. Go to your Sporcle Settings to finish the process.

Report this User

Report this user for behavior that violates our Community Guidelines.

Details: